| 000 | 01749nam a2200241Ia 4500 | ||
|---|---|---|---|
| 008 | 260220t2009||||xx |||||||||||||| ||spa|| | ||
| 040 |
_aPY-SlUNAC _bspa _erda |
||
| 041 | _aspa | ||
| 082 |
_a575 _bAl79p |
||
| 100 |
_aAltuna, Carlos _eAutor |
||
| 245 | 0 |
_aEl prisma de la evolución / _cpor Carlos Altuna [Autor] |
|
| 264 |
_aMontevideo : _bDIRAC, _c℗2009. |
||
| 300 | _a1 volumen | ||
| 520 | _aEn "El prisma de la evolución", Carlos Altuna ofrece una exploración profunda de los mecanismos que rigen la evolución biológica, integrando diversas disciplinas como la biología, la genética y la ecología. A través de un enfoque interdisciplinario, el autor examina cómo los factores ambientales, la selección natural y las interacciones entre especies influyen en los procesos evolutivos. Altuna también discute el papel de la variabilidad genética y la adaptabilidad de los organismos en entornos cambiantes, resaltando la importancia de la coevolución y las dinámicas poblacionales. Además, el libro destaca la relevancia de la evolución en la comprensión de la biodiversidad y las crisis ecológicas actuales, proponiendo un marco teórico que invita a reflexionar sobre la relación entre la evolución y la conservación de especies. Con un lenguaje accesible y ejemplos concretos, "El prisma de la evolución" se convierte en una obra fundamental para estudiantes y profesionales interesados en la biología evolutiva y sus implicaciones en el mundo contemporáneo. | ||
| 653 | _aBiología | ||
| 653 | _aCiencias naturales | ||
| 653 | _aEvolución | ||
| 942 |
_b2026/02/17 _cBK |
||
| 999 |
_c8177 _d8177 |
||